Score 0/18 Timer 03:00
2 Plays Today
Hint Answer % Correct
_____ in the U.S.A.Born
97.4%
Born to _____Run
93.5%
Blinded by the _____Light
91.8%
Glory _____Days
89.2%
Thunder _____Road
83.1%
_____ in the DarkDancing
83%
_____ of PhiladelphiaStreets
78.3%
_____ Walk HomeLong
77.7%
Atlantic _____City
71.9%
Hint Answer % Correct
Hungry _____Heart
70.5%
Tenth _____ Freeze-OutAvenue
68.8%
_____ On the Edge of TownDarkness
60.3%
_____ On a DreamWorking
44.2%
_____ It All NightProve
43.4%
My City of _____Ruins
43%
Murder _____Incorporated
41.9%
_____ on 57th StreetIncident
33.9%
Empty _____Sky
28.6%

Today's Daily Dose

Missing Word
'T' Pairs

Word Ladder
Game Pieces

Get the Picture
Baseball Movies

Remove Ads.
Support Sporcle.
Get the best of Sporcle when you Go Orange. This ad-free experience offers more features, more stats, and more fun while also helping to support Sporcle. Thank you for becoming a member.

You're not logged in!

Compare scores with friends on all Sporcle quizzes.
OR
Log In

Show Comments

Extras

Top Quizzes Today


Score Distribution

Your Account Isn't Verified!

In order to create a playlist on Sporcle, you need to verify the email address you used during registration. Go to your Sporcle Settings to finish the process.

Report this User

Report this user for behavior that violates our Community Guidelines.

Details: